All DisneyNature Movies - Statistics

General Stats
  • This quiz has been taken 11 times
  • The average score is 5 of 10
Answer Stats
Year Film % Correct
2016 Born in China
83%
2012 Chimpanzee
83%
2015 Monkey Kingdom
67%
2008 Oceans
67%
2011 African Cats
50%
2014 Bears
50%
2007 Earth
50%
2011 Wings of life
33%
2009 OceanWorld 3d
17%
2009 The Crimson Wing: Mystery of the Flamingos
0%
No matching quizzes found
Score Distribution
Percent of People with Each Score
Percentile by Number Answered
Your Score History
You have not taken this quiz